<?xml version="1.0" encoding="UTF-8"?>
<record
    xmlns:xsi="http://www.w3.org/2001/XMLSchema-instance"
    xsi:schemaLocation="http://www.loc.gov/MARC21/slim http://www.loc.gov/standards/marcxml/schema/MARC21slim.xsd"
    xmlns="http://www.loc.gov/MARC21/slim">

  <leader>01529ncm0a2200349   4500</leader>
  <controlfield tag="001">RU\NLR\ONIZ\215086</controlfield>
  <controlfield tag="005">20250626034900.0</controlfield>
  <datafield tag="010" ind1=" " ind2=" ">
    <subfield code="a">978-5-7379-0611-5</subfield>
  </datafield>
  <datafield tag="035" ind1=" " ind2=" ">
    <subfield code="a">(NLR Aleph) 011273653</subfield>
  </datafield>
  <datafield tag="071" ind1="2" ind2="0">
    <subfield code="a">&#x441; 2399 &#x43A;</subfield>
  </datafield>
  <datafield tag="090" ind1=" " ind2=" ">
    <subfield code="a">10832547</subfield>
    <subfield code="c">10832547</subfield>
  </datafield>
  <datafield tag="100" ind1=" " ind2=" ">
    <subfield code="a">20161017d2012    |||y0rusy50      ca</subfield>
  </datafield>
  <datafield tag="101" ind1="0" ind2=" ">
    <subfield code="a">rus</subfield>
  </datafield>
  <datafield tag="102" ind1=" " ind2=" ">
    <subfield code="a">RU</subfield>
  </datafield>
  <datafield tag="125" ind1=" " ind2=" ">
    <subfield code="a">ab</subfield>
  </datafield>
  <datafield tag="200" ind1="1" ind2=" ">
    <subfield code="a">&#x41A;&#x43E;&#x43B;&#x44B;&#x431;&#x435;&#x43B;&#x44C;&#x43D;&#x430;&#x44F; &#x41E;&#x43B;&#x435; &#x41B;&#x443;&#x43A;&#x43E;&#x439;&#x435;</subfield>
    <subfield code="b">&#x41D;&#x43E;&#x442;&#x44B;</subfield>
    <subfield code="a">&#x421;&#x442;&#x43E;&#x439;&#x43A;&#x438;&#x439; &#x43E;&#x43B;&#x43E;&#x432;&#x44F;&#x43D;&#x43D;&#x44B;&#x439; &#x441;&#x43E;&#x43B;&#x434;&#x430;&#x442;&#x438;&#x43A;</subfield>
    <subfield code="e">[&#x43E;&#x431;&#x430; &#x43F;&#x440;&#x43E;&#x438;&#x437;&#x432;.] &#x434;&#x43B;&#x44F; &#x430;&#x43D;&#x441;. &#x441;&#x43A;&#x440;&#x438;&#x43F;&#x430;&#x447;&#x435;&#x439; &#x438; &#x444;&#x43F;.</subfield>
    <subfield code="f">&#x416;. &#x41C;&#x435;&#x442;&#x430;&#x43B;&#x43B;&#x438;&#x434;&#x438;</subfield>
  </datafield>
  <datafield tag="210" ind1=" " ind2=" ">
    <subfield code="a">&#x421;&#x430;&#x43D;&#x43A;&#x442;-&#x41F;&#x435;&#x442;&#x435;&#x440;&#x431;&#x443;&#x440;&#x433;</subfield>
    <subfield code="c">&#x41A;&#x43E;&#x43C;&#x43F;&#x43E;&#x437;&#x438;&#x442;&#x43E;&#x440;-&#x421;&#x430;&#x43D;&#x43A;&#x442;-&#x41F;&#x435;&#x442;&#x435;&#x440;&#x431;&#x443;&#x440;&#x433;</subfield>
    <subfield code="d">2012</subfield>
  </datafield>
  <datafield tag="215" ind1=" " ind2=" ">
    <subfield code="a">11 &#x441;., 3 &#x43F;&#x430;&#x440;&#x442;. (3 &#x43B;.)</subfield>
    <subfield code="c">&#x438;&#x43B;.</subfield>
    <subfield code="d">30 &#x441;&#x43C;</subfield>
  </datafield>
  <datafield tag="225" ind1="1" ind2=" ">
    <subfield code="a">&#x421;&#x43A;&#x440;&#x438;&#x43F;&#x438;&#x447;&#x43D;&#x430;&#x44F; &#x43C;&#x438;&#x43D;&#x438;&#x430;&#x442;&#x44E;&#x440;&#x430;</subfield>
  </datafield>
  <datafield tag="464" ind1=" " ind2="0">
    <subfield code="1">2001#$a&#x421;&#x442;&#x43E;&#x439;&#x43A;&#x438;&#x439; &#x43E;&#x43B;&#x43E;&#x432;&#x44F;&#x43D;&#x43D;&#x44B;&#x439; &#x441;&#x43E;&#x43B;&#x434;&#x430;&#x442;&#x438;&#x43A;</subfield>
    <subfield code="1">215##$a&#x421;.7-11</subfield>
    <subfield code="t">&#x421;&#x442;&#x43E;&#x439;&#x43A;&#x438;&#x439; &#x43E;&#x43B;&#x43E;&#x432;&#x44F;&#x43D;&#x43D;&#x44B;&#x439; &#x441;&#x43E;&#x43B;&#x434;&#x430;&#x442;&#x438;&#x43A;</subfield>
  </datafield>
  <datafield tag="606" ind1="1" ind2=" ">
    <subfield code="a">&#x41F;&#x44C;&#x435;&#x441;&#x44B; &#x434;&#x43B;&#x44F; &#x430;&#x43D;&#x441;&#x430;&#x43C;&#x431;&#x43B;&#x44F; &#x441;&#x43A;&#x440;&#x438;&#x43F;&#x430;&#x447;&#x435;&#x439; (&#x434;&#x43B;&#x44F; &#x434;&#x435;&#x442;&#x435;&#x439;)</subfield>
    <subfield code="j">&#x41D;&#x43E;&#x442;&#x44B;</subfield>
    <subfield code="2">nlr_sh</subfield>
  </datafield>
  <datafield tag="686" ind1=" " ind2=" ">
    <subfield code="a">&#x429;952.54-42-058.9(2&#x420;)&#x44F;44</subfield>
    <subfield code="v">LBC/SL</subfield>
    <subfield code="2">rubbk</subfield>
  </datafield>
  <datafield tag="700" ind1=" " ind2="1">
    <subfield code="9">z01790</subfield>
    <subfield code="a">&#x41C;&#x435;&#x442;&#x430;&#x43B;&#x43B;&#x438;&#x434;&#x438;</subfield>
    <subfield code="b">&#x416;. &#x41B;.</subfield>
    <subfield code="f">1934 -</subfield>
    <subfield code="g">&#x416;&#x430;&#x43D;&#x43D;&#x44D;&#x442;&#x430; (&#x416;&#x430;&#x43D;&#x43D;&#x430;) &#x41B;&#x430;&#x437;&#x430;&#x440;&#x435;&#x432;&#x43D;&#x430;</subfield>
    <subfield code="4">230</subfield>
    <subfield code="7">ca</subfield>
  </datafield>
  <datafield tag="790" ind1=" " ind2="1">
    <subfield code="9">z01700</subfield>
    <subfield code="a">Metallidi</subfield>
    <subfield code="b">&#x17D;. (. L.</subfield>
    <subfield code="f">1934 -</subfield>
    <subfield code="g">&#x17D;anneta (&#x17D;anna) Lazarevna</subfield>
    <subfield code="4">230</subfield>
    <subfield code="7">ba</subfield>
  </datafield>
  <datafield tag="801" ind1=" " ind2="0">
    <subfield code="a">RU</subfield>
    <subfield code="b">NLR</subfield>
    <subfield code="c">20161017</subfield>
    <subfield code="g">PSBO</subfield>
  </datafield>
  <datafield tag="801" ind1=" " ind2="1">
    <subfield code="a">RU</subfield>
    <subfield code="b">NLR</subfield>
    <subfield code="c">20161017</subfield>
    <subfield code="2">rusmarc</subfield>
  </datafield>
  <datafield tag="801" ind1=" " ind2="2">
    <subfield code="a">RU</subfield>
    <subfield code="b">NLR</subfield>
    <subfield code="c">20161122</subfield>
  </datafield>
  <datafield tag="852" ind1=" " ind2=" ">
    <subfield code="a">NLR</subfield>
    <subfield code="b">&#x41C;</subfield>
    <subfield code="j">&#x41A;-3/27909</subfield>
    <subfield code="p">258092</subfield>
    <subfield code="t">1</subfield>
  </datafield>
  <datafield tag="942" ind1=" " ind2=" ">
    <subfield code="c">SCORE</subfield>
  </datafield>
  <datafield tag="980" ind1=" " ind2=" ">
    <subfield code="a">NB</subfield>
  </datafield>
  <datafield tag="980" ind1=" " ind2=" ">
    <subfield code="a">ONIZ</subfield>
  </datafield>
  <datafield tag="995" ind1=" " ind2=" ">
    <subfield code="5">2016-10-17</subfield>
    <subfield code="b">NLR01</subfield>
    <subfield code="c">NLR01</subfield>
    <subfield code="e">ONIZ</subfield>
    <subfield code="k">&#x41A;-3/27909 &#x41A;-3/27909</subfield>
    <subfield code="o">0</subfield>
    <subfield code="r">SCORE</subfield>
    <subfield code="s">327909_327909</subfield>
  </datafield>
</record>
